Sexualita nie je o zákazoch praktická príručka pre každého kresťana

Bibliographic Details
Main Authors: Szaniszló, Inocent-Mária Vladimír, 1962- (Author), Demočko, Daniel (Author)
Format: Book
Language:Slovak
Published: Bratislava Don Bosco 2013
Edition:[1. vyd.]
Series:Viera do vrecka
Subjects:

MARC

LEADER 00000nam a2200000 a 4500
001 vtls010579440
003 SK-MaSNL
005 20260301133644.0
008 240318s2013 xo grnf 000 0dslo
015 |a SNBA2014/03 
020 |a 9788080741938  |q (brožované) 
040 |a SNK  |b slo  |c SNK  |e AACR2 
041 0 |a slo 
044 |a xo  |c SK 
072 7 |a 27-4  |x Praktická teológia. Morálna teológia  |2 konspekt 
080 |a 613.88  |2 2011 
080 |a (035)  |2 2011 
080 |a 27  |2 2011 
080 |a 177.6  |2 2011 
100 1 |a Szaniszló, Inocent-Mária Vladimír,  |d 1962-  |4 aut  |9 240079 
245 1 0 |a Sexualita nie je o zákazoch  |b praktická príručka pre každého kresťana  |c Inocent M. Szaniszló, Daniel Demočko 
250 |a [1. vyd.] 
260 |a Bratislava  |b Don Bosco  |c 2013 
300 |a 35 s.  |c 19 cm 
490 1 |a Viera do vrecka  |v 32 
500 |a Biogr. údaje 
500 |a Názov z obalu 
504 |a Bibliogr.: s. 35 
650 0 7 |a sexualita  |2 SNKPH  |9 1946 
650 0 7 |a Sexuality  |2 SNKPHeng  |9 291144 
650 0 7 |a Sexual education  |2 SNKPHeng  |9 276720 
650 0 7 |a sexuálna výchova  |2 SNKPH  |9 2589 
650 0 7 |a Partner relationships  |2 SNKPHeng  |9 284534 
650 0 7 |a partnerské vzťahy  |2 SNKPH  |9 2250 
650 0 7 |a kresťanské chápanie  |2 SNKPH  |9 3818 
650 0 7 |a Christian approach  |2 SNKPHeng  |9 303614 
655 7 |a príručky  |2 SNKPH  |9 74364 
655 7 |a Handbooks, manuals, etc.  |2 SNKPHeng  |9 90964 
700 1 |a Demočko, Daniel  |4 aut  |9 486406 
830 0 |a Viera do vrecka  |9 305772 
852 |a Štátna vedecká knižnica v Banskej Bystrici 
919 |a 978-80-8074-193-8 
958 |a NB 
958 |a NT 
999 |c 754331  |d 756261 
952 |a SNK  |b SNK  |y PREZ  |7 0  |p 17A1105382  |o snkSD 82961  |i snk2014/5699  |8 0  |0 0  |1 0  |4 0  |d 2014-02-28  |l 0  |r 2025-12-04 00:00:00  |w 2026-02-23 
952 |a SNK  |b SNK  |y VYP  |7 0  |p 17A1105381  |o snkSD 82961 D1  |i snk2014/5700  |8 0  |0 0  |1 0  |4 0  |d 2014-02-28  |l 0  |r 2017-06-30 00:00:00  |w 2026-02-23